ISBD(CR) : (Record no. 191561)

MARC details
000 -LEADER
campo de control de longitud fija 01619nam a2200349 4500
001 - NÚMERO DE CONTROL
campo de control 191561
003 - IDENTIFICADOR DE NÚMERO DE CONTROL
campo de control SpMaBN
005 - FECHA Y HORA DE LA ÚLTIMA TRANSACCIÓN
campo de control 20240205143608.0
008 - DATOS DE LONGITUD FIJA--INFORMACIÓN GENERAL
campo de control de longitud fija 220928s2004 sp | ||| ||spa
016 7# - NÚMERO DE CONTROL DE UNA AGENCIA BIBLIOGRÁFICA NACIONAL
Número de control del registro bimoBNE20050064819 [
Fuente SpMaBN]
017 ## - NÚMERO DE COPYRIGHT O DE DEPÓSITO LEGAL
Número de copyright o de depósito legal S 1416-2004
Agencia que asigna Oficina Depósito Legal Salamanca
020 ## - NÚMERO INTERNACIONAL ESTÁNDAR DEL LIBRO
Número Internacional Estándar del Libro 84-88716-33-8
035 ## - NÚMERO DE CONTROL DEL SISTEMA
Número de control de sistema (OCoLC)733680817
040 ## - FUENTE DE CATALOGACIÓN
Centro catalogador/agencia de origen SpMaBN
Lengua de catalogación spa
Centro/agencia transcriptor SpMaBN
Normas de descripción rdc
080 ## - NÚMERO DE LA CLASIFICACIÓN DECIMAL UNIVERSAL
Número de la Clasificación Decimal Universal 025.31:050
245 10 - MENCIÓN DEL TÍTULO
Título ISBD(CR) :
Resto del título Descripción bibliográfica internacional normalizada para publicaciones seriadas y otros recursos continuados : revisión de ISBD(S), Descripción bibliográfica internacional normalizada para publicaciones seriadas /
Mención de responsabilidad, etc. recomendada por el Grupo de Trabajo de ISBD(S) ; aprobada por los comités permanentes de la Sección de Catalogación de la IFLA y por la Sección de Publicaciones Seriadas de la IFLA ; traducción de Elena García-Puente Lillo, Consuelo López Provencio.
246 2# - FORMA VARIANTE DEL TITULO
Título propio/Titulo breve ISBD(S)
250 ## - MENCION DE EDICION
Mención de edición Rev. de 2002.
260 ## - PUBLICACIÓN, DISTRIBUCIÓN, ETC.
Lugar de publicación, distribución, etc. [Madrid] :
Nombre del editor, distribuidor, etc. ANABAD,
Fecha de publicación, distribución, etc. [2004]
300 ## - DESCRIPCIÓN FÍSICA
Extensión 212 p. ;
Dimensiones 21 cm.
500 ## - NOTA GENERAL
Nota general Índice.
594 ## - Nota al título y mención de responsabilidad
Nota al título y mención de responsabilidad Precede al tít.: IFLA, International Federation of Library Associations and Institutions
594 ## - Nota al título y mención de responsabilidad
Nota al título y mención de responsabilidad Traducción de: ISBD(CR)
650 #7 - PUNTO DE ACCESO ADICIONAL DE MATERIA--TÉRMINO DE MATERIA
Término de materia o nombre geográfico como elemento de entrada ISBD(CR)
9 (RLIN) 226246
650 #7 - PUNTO DE ACCESO ADICIONAL DE MATERIA--TÉRMINO DE MATERIA
Término de materia o nombre geográfico como elemento de entrada Publicaciones seriadas-
Subdivisión general Catalogación-
Subdivisión de forma Normas.
9 (RLIN) 175284
710 2# - ENTRADA AGREGADA--NOMBRE DE ENTIDAD CORPORATIVA
Nombre de entidad corporativa o nombre de jurisdicción como elemento de entrada Federación Internacional de Asociaciones de Bibliotecarios y Bibliotecas.
9 (RLIN) 151131
730 0# - ASIENTO SECUNDARIO--TITULO UNIFORME
Título uniforme ISBD(S)
9 (RLIN) 226042
852 ## - LOCALIZACIÓN
Ubicación ES-MaACL
Número de control de estantería A-15097
itemnumber 198816
Ubicación en estantería Depósito 1
Signatura antigua Olim: 025.31 ISBD (CR)
942 ## - ELEMENTOS DE ENTRADA SECUNDARIOS (KOHA)
Fuente del sistema de clasificación o colocación Clasificación decimal universal
Holdings
Estatus retirado Estado de pérdida Fuente del sistema de clasificación o colocación Estado de daño No para préstamo Biblioteca de origen Biblioteca actual Ubicación en estantería Fecha de adquisición Total de préstamos Signatura topográfica completa Código de barras Visto por última vez Precio de reemplazo Tipo de ítem Koha
    Clasificación decimal universal     Biblioteca del Ateneo de Madrid Biblioteca del Ateneo de Madrid Depósito 1 28/09/2022   A-15097 1203967 23/02/2023 23/02/2023 Libro impreso